Membres de trios de fiction - Statistiques

Statistiques générales
  • Ce quiz a été pris 75 fois
  • Le résultat moyen est 37 sur 108
Statistiques - réponses
Univers Trio Membres du trio % Correct
Harry Potter Golden Trio Harry
82%
Alvin et les Chipmunks Chipmunks Alvin
80%
Harry Potter Golden Trio Hermione
80%
Harry Potter Golden Trio Ron
80%
Donald Neveux de Donald Fifi
78%
Donald Neveux de Donald Loulou
78%
Donald Neveux de Donald Riri
78%
Star Wars Trio des héros (trilogie) Luke
72%
Bible Rois mages Balthazar
71%
Ben 10 Famille et équipe du héros (sans compter le grand-père) Ben
71%
Totally Spies Totally Spies Clover
71%
Totally Spies Totally Spies Sam
71%
Pokémon Pokégroupe d'origine (héros) Pierre
69%
Totally Spies Totally Spies Alex
68%
Star Wars Trio des héros (trilogie) Leia
68%
Star Wars Trio des héros (prélogie) Anakin
63%
Les Trois Mousquetaires Mousquetaires héros Aramis
58%
Bible Rois mages Melchior
58%
Pokémon Pokégroupe d'origine (héros) Sacha
58%
Harry Potter Reliques de la mort Cape d'invisibilité
57%
Star Wars Trio des héros (trilogie) Han Solo
57%
Harry Potter Reliques de la mort Baguette de sureau
55%
Anime Big Three Naruto
55%
Naruto Equipe 7 Naruto
55%
Peter Pan Enfants Darling Wendy
55%
Pokémon Membres de la Team Rocket qui pourchassent les héros Miaouss
52%
Star Wars Trio des héros (prélogie) Obi-Wan
52%
Les Aristochats Chatons de Duchesse Berlioz
51%
L'Attaque des Titans Trio de héros Eren
51%
Les Super-Nanas Super-Nanas Belle
49%
Star Wars Trio des héros (prélogie) Padmé
49%
Les Super-Nanas Super-Nanas Bulle
48%
Bible Rois mages Gaspard
48%
Les Trois Mousquetaires Mousquetaires héros Porthos
48%
Pokémon Membres de la Team Rocket qui pourchassent les héros James
46%
Les Aristochats Chatons de Duchesse Marie
46%
Hocus Pocus Soeurs Sanderson Mary
46%
L'Attaque des Titans Trio de héros Mikasa
45%
Alvin et les Chipmunks Chipmunks Simon
45%
Les Aristochats Chatons de Duchesse Toulouse
45%
L'Attaque des Titans Trio de héros Armin
43%
Les Trois Mousquetaires Mousquetaires héros Athos
43%
Pokémon Membres de la Team Rocket qui pourchassent les héros Jessie
43%
Pokémon Pokégroupe d'origine (héros) Ondine
43%
Les Super-Nanas Super-Nanas Rebelle
43%
Harry Potter Reliques de la mort Pierre de resurrection
42%
Alvin et les Chipmunks Chipmunks Theodore
42%
Naruto Equipe 7 Sakura
40%
Naruto Equipe 7 Sasuke
40%
Anime Big Three One Piece
38%
Le Magicien d'Oz Compagnons de Dorothy Lion peureux
37%
Demon Slayer Trio de héros Tanjiro
37%
Anime Big Three Bleach
35%
Donald Les Trois Caballeros Donald
34%
Le Magicien d'Oz Compagnons de Dorothy Epouvantail
34%
Le Roi Lion Hyènes alliés à Scar Ed
32%
Peter Pan Enfants Darling Jean
32%
Stranger Things Amis de Will Lucas
31%
Stranger Things Amis de Will Mike
29%
Stranger Things Amis de Will Dustin
28%
Demon Slayer Trio de héros Inosuke
28%
Pokémon Trio météo/Pokémon ancestraux Groudon
25%
Pokémon Trio météo/Pokémon ancestraux Kyogre
25%
Le Roi Lion Hyènes alliés à Scar Shenzi
25%
Pokémon Trio météo/Pokémon ancestraux Rayquaza
23%
Jujutsu Kaisen Trio principal Yuji
23%
Demon Slayer Trio de héros Zenitsu
23%
La Belle au Bois Dormant Bonnes fées (Disney) Pimprenelle
22%
Le Roi Lion Hyènes alliés à Scar Banzai
20%
Les Trois Petits Cochons Les Trois Petits Cochons Naf Naf
18%
Les Trois Petits Cochons Les Trois Petits Cochons Nif Nif
18%
Charmed Soeurs Haliwell Phoebe
18%
Charmed Soeurs Haliwell Piper
18%
Ben 10 Famille et équipe du héros (sans compter le grand-père) Gwen
17%
Jujutsu Kaisen Trio principal Megumi
17%
Peter Pan Enfants Darling Michel
17%
Jujutsu Kaisen Trio principal Nobara
17%
Les Trois Petits Cochons Les Trois Petits Cochons Nouf Nouf
17%
La Belle au Bois Dormant Bonnes fées (Disney) Flora
15%
Harry Potter Frères Peverell Ignotus
15%
Game of Thrones Dragons de Daenerys Drogon
14%
Harry Potter Frères Peverell Antioche
12%
Harry Potter Frères Peverell Cadmus
12%
La Belle au Bois Dormant Bonnes fées (Disney) Pâquerette
12%
Ben 10 Famille et équipe du héros (sans compter le grand-père) Kevin
9%
Charmed Soeurs Haliwell Prudence
9%
Game of Thrones Dragons de Daenerys Viserion
9%
Cat's Eye Soeurs Chamade Tamara
8%
Cat's Eye Soeurs Chamade Alexia
6%
Le Magicien d'Oz Compagnons de Dorothy Homme de fer blanc
6%
Game of Thrones Dragons de Daenerys Rhaegal
6%
Mythologie grecque Moires Clotho
5%
Cat's Eye Soeurs Chamade Cylia
5%
Donald Les Trois Caballeros José Carioca
5%
Donald Les Trois Caballeros Panchito Pistoles
5%
Hocus Pocus Soeurs Sanderson Sarah
5%
Mythologie grecque Moires Atropos
3%
Le Bon, la Brute et le Truand Trio principal Blondie
3%
Drôles de dames Drôles de dames Jill
3%
Drôles de dames Drôles de dames Kelly
3%
Le Bon, la Brute et le Truand Trio principal Le Rat
3%
Animaniacs Animaniacs Dot
2%
Mythologie grecque Moires Lachésis
2%
Drôles de dames Drôles de dames Sabrina
2%
Animaniacs Animaniacs Wakko
2%
Hocus Pocus Soeurs Sanderson Winifred
2%
Animaniacs Animaniacs Yakko
2%
Le Bon, la Brute et le Truand Trio principal Angel Eyes
0%
Aucun quiz correspondant
Distribution des résultats
% des personnes avec chaque résultat
Percentile par nombre de réponses
Votre historique - résultats
Vous n’avez pas pris ce quiz